Memoria leída en la Junta general ordinaria de accionistas del Camino de Hierro del Este de Barcelona : celebrada el día 24 de Enero de 1857 celebrada el día 24 de Enero de 1857
Descripción Física:
12 p., 2 f. plegats : quadres ; 25 cm
Materias:
Ferrocarrils -- Catalunya -- S. XIX
MARC
| LEADER | 00000nam a2200000Ia 4500 | ||
|---|---|---|---|
| 001 | 23417 | ||
| 008 | 160829s1857 xx 000 0 cat d | ||
| 080 | |a RF-16-67 | ||
| 245 | |a Memoria leída en la Junta general ordinaria de accionistas del Camino de Hierro del Este de Barcelona : |b celebrada el día 24 de Enero de 1857 | ||
| 260 | |a Barcelona : |b Establecimiento Tipográfico de Narciso Ramírez, |c 1857 | ||
| 300 | |a 12 p., 2 f. plegats : |b quadres ; |c 25 cm | ||
| 590 | |a Prové de OPP-3714 | ||
| 650 | 0 | |a Ferrocarrils |z Catalunya |y S. XIX |9 22518 | |
| 856 | 4 | |u https://media.diba.cat/diba/fitxers/arxiu/fulletons/bib_23417_1857_baixa.pdf |y Accés lliure | |
| 856 | 4 | |u https://media.diba.cat/diba/fitxers/arxiu/fulletons/bib_23417_1857_baixa.pdf |y Accés lliure | |
| 901 | |a Arxiu | ||
| 942 | |n 1 | ||
| 952 | |0 0 |1 0 |4 0 |6 RF1667 |7 1 |9 54858 |a Arxiu |b Arxiu |d 2012-03-09 |l 0 |o RF-16-67 |p 23417 |r 2016-12-01 00:00:00 |w 2016-12-01 |y ARXIU | ||
| 999 | |c 58728 |d 58728 | ||